Proti předpisům /

Ačkoli má Sophie Mitchellová co do činění s Liamovým konkurenčním týmem, jejich přátelství všechno přečká... alespoň do chvíle, kdy se jejich vztah promění v něco víc. Druhá kniha série romancí ze světa Formule 1.

Uloženo v:
Série:Dirty Air, část 2
Hlavní autor: Asher, Lauren, 1995- (Autor)
Další autoři: David, Jan (Autor)
Médium: Kniha
Jazyk:Czech
Vydáno: Praha : Dobrovský s.r.o., 2026
Edice:Red
Témata:
Celkem bylo vypůjčeno:0x
Příbuzné jednotky:Z cyklu:: Dirty Air
Tagy:
Žádné tagy
LEADER 02584nam a2200457 i 4500
001 106218
003 CZ PrNK
005 20260428154549.0
007 ta
008 260415s2026 xr g 000 f cze
015 |a cnb003751401 
020 |a 9788027760534  |q (brožováno) :  |c Kč 499,00 
040 |a ABG001  |b cze  |e rda 
041 1 |a cze  |h eng 
072 7 |a 821.111(73)-3  |x Americká próza  |2 Konspekt  |9 25 
080 |a 821.111(73)-31  |2 MRF 
080 |a (0:82-312.5)  |2 MRF 
100 1 |a Asher, Lauren,  |d 1995-  |7 osa20231197422  |4 aut  |9 115555 
240 1 0 |a Collided.  |l Česky 
245 1 0 |a Proti předpisům /  |c Lauren Asher ; přeložil Jan David 
264 1 |a Praha :  |b Dobrovský s.r.o.,  |c 2026 
300 |a 396 stran ;  |c 20 cm 
336 |a text  |b txt  |2 rdacontent 
337 |a bez média  |b n  |2 rdamedia 
338 |a svazek  |b nc  |2 rdacarrier 
490 1 |a Red 
500 |a Přeloženo z angličtiny 
500 |a Na hřbetu knihy uvedeno číslo 2 
520 2 |a Ačkoli má Sophie Mitchellová co do činění s Liamovým konkurenčním týmem, jejich přátelství všechno přečká... alespoň do chvíle, kdy se jejich vztah promění v něco víc. Druhá kniha série romancí ze světa Formule 1.  |b Sophie: Liam je eso ve světě formule 1, ve skutečnosti je to však hlavně podvodník. Okouzlující. Prohnaný. Svůdný. A taky muž, který by mi mohl pomoct splnit jednotlivé položky z mého nemravného seznamu přání. Zatlačím ho do bezpečných mezí kamarádského vztahu. Místo aby však přijal naše přátelství, vyrukuje s dohodou. Jedna sezóna. Jeden seznam. Jedno hříšné tajemství. Liam: Sophie je dokonalým zosobněním všech mých fantazií. A taky velkou hrozbou pro prodloužení mojí smlouvy. Je součástí konkurenčního týmu, a tak bych se jí měl za každou cenu vyhýbat. Všichni jsou proti našemu přátelství. Můj šéf. Její táta. Já. Přesto jsem však jí i tím jejím zvrhlým seznamem uchvácen. Nechci nic platonického. Chci pořádné drama. Nakladatelská anotace. 
655 7 |a americké romány  |7 fd131796  |2 czenas  |9 53403 
655 7 |a milostné romány  |7 fd132840  |2 czenas  |9 53718 
655 9 |a American fiction  |2 eczenas 
655 9 |a love novels  |2 eczenas 
700 1 |a David, Jan  |4 trl 
710 2 |a Dobrovský (firma)  |7 olak2017946581  |4 pbl  |9 117120 
787 0 8 |i Z cyklu:  |t Dirty Air  |g 2 
830 0 |a Red 
910 |a UOG502 
942 |2 ddc  |c KN 
999 |d 106218 
993 |0 0  |1 421180106944  |2 ddc  |4 0  |7 0  |9 99561  |b 0  |c 106944  |d 2026-04-28  |e 0  |f DOSP  |h 499.00  |i Koupě  |l DOSP  |r 2026-04-28  |t 6  |w 2026-04-28  |y KN  |z BELET  |n